Statistiques concernant Ville à pays n°26

Cliquez ici pour prendre le quiz!

Statistiques générales

  • Ce quiz a été pris 57 fois
  • Le résultat moyen est 11 sur 15

Statistiques - réponses

Ville Et pays % Correct
MarrakechMaroc
100%
ShanghaiChine
100%
MontpellierFrance
100%
AlexandrieEgypte
100%
PretoriaAfrique du Sud
96%
MaastrichtPays-bas
92%
WinnipegCanada
82%
TijuanaMexique
80%
Rostov-sur-le-DonRussie
78%
MaputoMozambique
76%
MontpelierÉtats-Unis
74%
TrondheimNorvége
56%
CebuPhilippines
40%
Karlovy VaryRepubliqué Tchèque
30%
Banska BystricaSlovaquie
28%

Distribution des résultats

Percentile par nombre de réponses

% des personnes avec chaque résultat

Votre développement - résultats

Vous n’avez pas pris ce quiz